Vida religiosa y civil de los indios (notice nᵒ 7001)
[ vue normale ]
| 000 -Sello discográfico | |
|---|---|
| campo de control de longitud fija | 01161nam a2200301 4500 |
| 005 - Identificación de versión | |
| campo de control | 20251016084742.0 |
| 099 ## - fechas locales | |
| Tipo de ítem Koha | LIBRO |
| 100 ## - Datos de procesamiento general | |
| Datos de procesamiento general | 20231129d1963 m y1spay5003 ba |
| 105 ## - Campo de datos codificados: Material textual, monográfico | |
| Datos codificados de monografía | y 001zy |
| 200 1# - Título y mención de responsabilidad | |
| Título propio | Vida religiosa y civil de los indios |
| Designación general del material | texto impreso |
| Otra información del título | [libros V y VI de la] Historia natural y moral de las Indias |
| Primer mención de responsabilidad | Joseph de Acosta |
| Declaración de responsabilidad subsiguiente | prólogo y selección Edmundo O'Gorman |
| 205 ## - Declaración de edición | |
| Declaración de edición | 1a ed |
| 210 ## - Publicación, distribución, etc. | |
| Lugar de publicación, distribución, etc. | México |
| Nombre del editor, distribuidor, etc. | Universidad Nacional Autónoma de México, Coordinación de Humanidades |
| Fecha de publicación, distribución, etc. | 1963 |
| 215 ## - Descripción física | |
| Designación de material específico y extensión del ítem | 139 p |
| Dimensiones | 20 cm |
| 345 ## - Nota de información de adquisición | |
| Fuente de adquisición/dirección de la suscripción [OBSOLETO] | Donación |
| 410 #1 - Series | |
| Título | Biblioteca del Estudiante Universitario |
| Número de volumen | 83 |
| 606 ## - Término temático usado como materia | |
| Elemento de entrada | Indios de América del Sur |
| Subdivisión temática | Vida social |
| Número Koha | 13031 |
| 606 ## - Término temático usado como materia | |
| Elemento de entrada | Indios de Hispanoamérica |
| Subdivisión temática | Religión y mitología |
| Número Koha | 13032 |
| 660 ## - Código de área geográfica | |
| Código | MX |
| 700 ## - Nombre personal - Responsabilidad primaria | |
| Elemento de entrada | Acosta |
| Parte del nombre distinta del elemento de entrada | José de |
| Fechas | 1539-1600 |
| Número Koha | 13033 |
| 702 ## - Nombre personal - Responsabilidad secundaria | |
| Elemento de entrada | O'Gorman |
| Parte del nombre distinta del elemento de entrada | Edmundo |
| Fechas | 1906-1995 |
| Número Koha | 2079 |
| 801 #0 - Fuente de origen | |
| País | FR |
| Agencia | cm |
| Reglas de catalogación (convenciones descriptivas) | AFNOR |
| 900 ## - | |
| -- | 1/22561 |
| 900 ## - | |
| -- | 7100417642\080104 |
| 942 ## - ELEMENTOS DE ENTRADA SECUNDARIOS (KOHA) | |
| Tipo de ítem Koha | Livre |
| 996 ## - | |
| -- | MEX |
| -- | 751145101 |
| -- | MMAG |
| -- | 009164 |
| -- | 082.1 B820 V.83 |
| -- | 20231129LIV |
| Estatus retirado | Estado de daño | Estado de pérdida | Fecha de adquisición | Biblioteca de origen | Biblioteca actual | Ubicación en estantería | Código de barras | Precio de reemplazo | Signatura topográfica completa | No para préstamo | Tipo de ítem Koha | Nota pública | Nota no pública |
|---|---|---|---|---|---|---|---|---|---|---|---|---|---|
| 05/08/2025 | Casa México Paris | Casa México Paris | 009164 | 05/08/2025 | 082.1 B820 V.83 | Livre | 20231129LIV | 751145101 |